000 00616cam a22002292a 4500
001 018339
003 AR-FADEU
008 311216n1997####xxu####################dd
020 _a0-8020-7806-0
092 _a808.3
_bB171n
100 _aBal, Mieke
245 _aNarratology : introduction to the theory of narrative
250 _a2a. ed
260 _aLondon
260 _bUniversity of Toronto Press
260 _c1997
300 _a254 p
500 _aIncludes bibliographical references. -- Texto de sala
650 _aPRECEPTIVA LITERARIA; NARRACION/REVISADO/
546 _aInglés
942 _cBDGR
999 _c24075
_d24075